[Event "Olympiad Women-41"]
[Site "Tromsoe"]
[Date "2014.08.09"]
[Round "7.1"]
[White "Colombo, Camila"]
[Black "Thornton, Filipina"]
[Result "1-0"]
[WhiteElo "2107"]
[BlackElo "1820"]
[PlyCount "75"]
[EventDate "2014.08.02"]
[EventType "team-swiss"]
[EventRounds "11"]
[EventCountry "NOR"]
[SourceTitle "CBM 162"]
[Source "ChessBase"]
[SourceDate "2014.09.17"]
[SourceVersion "1"]
[SourceVersionDate "2014.09.17"]
[SourceQuality "1"]
[WhiteTeam "Uruguay (W)"]
[BlackTeam "Malta (W)"]
[WhiteTeamCountry "URU"]
[BlackTeamCountry "MLT"]

1. d4 Nf6 2. c4 g6 3. Nc3 d5 4. cxd5 Nxd5 5. e4 Nxc3 6. bxc3 Bg7 7. Bc4 c5 8. Ne2 Nc6 9. Be3 0-0 10. 0-0 Qa5 11. Rb1 a6 12. Qc1 b5 13. Bd5 Bb7 14. Bxc6 Bxc6 15. d5 Bb7 16. Bxc5 Qxa2 17. Qe3 Rfe8 18. h4 Rac8 19. Bb4 f5 20. h5 fxe4 21. hxg6 Qxd5 22. gxh7+ Kh8 23. Rbd1 Qf5 24. Ng3 Qg4 25. Rfe1 Rc6 26. Qxe4 Qxe4 27. Nxe4 Rc4 28. Nd6 exd6 29. Rxe8+ Kxh7 30. Rxd6 Rg4 31. g3 a5 32. Re7 Ba8 33. Bc5 Ra4 34. f4 Ra1+ 35. Kf2 Ra2+ 36. Ke3 b4 37. Bd4 b3 38. Rxg7+ 1-0

[Event "Olympiad Women-41"]
[Site "Tromsoe"]
[Date "2014.08.02"]
[Round "1.1"]
[White "Nguyen, Thi Mai Hung"]
[Black "Colombo, Camila"]
[Result "0-1"]
[WhiteElo "2307"]
[BlackElo "2107"]
[PlyCount "106"]
[EventDate "2014.08.02"]
[EventType "team-swiss"]
[EventRounds "11"]
[EventCountry "NOR"]
[SourceTitle "CBM 162"]
[Source "ChessBase"]
[SourceDate "2014.09.17"]
[SourceVersion "1"]
[SourceVersionDate "2014.09.17"]
[SourceQuality "1"]
[WhiteTeam "Vietnam (W)"]
[BlackTeam "Uruguay (W)"]
[WhiteTeamCountry "VIE"]
[BlackTeamCountry "URU"]

1. d4 Nf6 2. Bf4 g6 3. e3 Bg7 4. Nf3 d6 5. Be2 c5 6. c3 Nbd7 7. h3 0-0 8. 0-0 Re8 9. Bh2 b6 10. a4 Bb7 11. Nbd2 Ne4 12. Qb3 Nxd2 13. Nxd2 e5 14. Nc4 Qe7 15. Rfd1 d5 16. Nxe5 Nxe5 17. dxe5 Bxe5 18. Bxe5 Qxe5 19. Bf3 Rad8 20. a5 Re6 21. Rd2 Red6 22. Rad1 Kg7 23. Qa3 Bc6 24. Qa2 Qe6 25. b4 R6d7 26. bxc5 bxc5 27. Qa3 c4 28. Qc5 Ba4 29. Rb1 Bb3 30. Rbb2 h5 31. Rd4 Ba4 32. Rbd2 Bc6 33. g4 hxg4 34. hxg4 g5 35. Rb2 Rh8 36. Bg2 Ba8 37. f3 Qxe3+ 38. Rf2 Rb7 39. Rxd5 Rb1+ 40. Bf1 Rxf1+ 41. Kxf1 Qc1+ 42. Ke2 Bxd5 43. Qd4+ f6 44. Qxa7+ Bf7 45. f4 Re8+ 46. Kf3 Qxf4+ 47. Kg2 Qxg4+ 48. Kf1 Qd1+ 49. Kg2 Qg4+ 50. Kf1 Qh3+ 51. Rg2 Qd3+ 52. Kg1 Re1+ 53. Kh2 Qh7+ 0-1

[Event "URU-ch"]
[Site "Montevideo"]
[Date "2014.04.08"]
[Round "8"]
[White "Colombo, Camila"]
[Black "Arcos Facio, Mateo"]
[Result "0-1"]
[WhiteElo "2114"]
[BlackElo "2199"]
[PlyCount "60"]
[EventDate "2014.04.02"]
[EventType "tourn"]
[EventRounds "11"]
[EventCountry "URU"]
[SourceTitle "CBM 159 Extra"]
[Source "ChessBase"]
[SourceDate "2014.04.24"]
[SourceVersion "1"]
[SourceVersionDate "2014.04.24"]
[SourceQuality "1"]

1. d4 g6 2. c4 Bg7 3. Nc3 c5 4. e3 Nf6 5. Nf3 0-0 6. Be2 cxd4 7. Nxd4 Nc6 8. 0-0 d6 9. f3 Ne8 10. Nxc6 bxc6 11. Bd2 Rb8 12. b3 Bf5 13. Rc1 Nc7 14. Kh1 d5 15. cxd5 cxd5 16. Na4 Qd6 17. Ba5 Rbc8 18. Qd2 Bh6 19. Nc5 Ne6 20. Nb7 Qd7 21. Ba6 d4 22. f4 Be4 23. Qb4 Qd5 24. Qd2 Qd7 25. Qb4 Qd5 26. Qd2 Rxc1 27. Rxc1 dxe3 28. Qxd5 Bxd5 29. Kg1 Nxf4 30. g3 Nh3+ 0-1

[Event "URU-ch"]
[Site "Montevideo"]
[Date "2014.04.05"]
[Round "5"]
[White "Lopez Azambuja, Nicolas"]
[Black "Colombo, Camila"]
[Result "1-0"]
[WhiteElo "2207"]
[BlackElo "2114"]
[PlyCount "29"]
[EventDate "2014.04.02"]
[EventType "tourn"]
[EventRounds "11"]
[EventCountry "URU"]
[SourceTitle "CBM 159 Extra"]
[Source "ChessBase"]
[SourceDate "2014.04.24"]
[SourceVersion "1"]
[SourceVersionDate "2014.04.24"]
[SourceQuality "1"]

1. d4 Nf6 2. c4 g6 3. Nc3 Bg7 4. e4 d6 5. Nf3 0-0 6. Be2 a6 7. 0-0 c5 8. Be3 Ng4 9. Bg5 h6 10. Bc1 cxd4 11. Nxd4 Ne5 12. Be3 Be6 13. Nd5 Nbc6 14. Nc2 Na5 15. Bb6 1-0

[Event "URU-ch"]
[Site "Montevideo"]
[Date "2014.04.03"]
[Round "2"]
[White "Colombo, Camila"]
[Black "Muniz, Rafael"]
[Result "0-1"]
[WhiteElo "2114"]
[BlackElo "2267"]
[PlyCount "83"]
[EventDate "2014.04.02"]
[EventType "tourn"]
[EventRounds "11"]
[EventCountry "URU"]
[SourceTitle "CBM 159 Extra"]
[Source "ChessBase"]
[SourceDate "2014.04.24"]
[SourceVersion "1"]
[SourceVersionDate "2014.04.24"]
[SourceQuality "1"]

1. d4 Nf6 2. c4 e6 3. Nf3 c5 4. d5 exd5 5. cxd5 d6 6. Nc3 g6 7. Bf4 Bg7 8. h3 a6 9. a4 0-0 10. e3 Nh5 11. Bh2 f5 12. Be2 f4 13. e4 Nd7 14. Nd2 Ne5 15. 0-0 Qg5 16. Kh1 Bd7 17. Nf3 Nxf3 18. Bxf3 Be5 19. Qd2 Qh6 20. Rab1 b5 21. axb5 axb5 22. b4 Ra3 23. Rfc1 c4 24. Bg4 Bxg4 25. hxg4 Nf6 26. f3 Rb8 27. Rb2 g5 28. Ra2 Rb3 29. Rb2 Rxb2 30. Qxb2 Qg7 31. Qc2 h5 32. Kg1 hxg4 33. Kf1 Qh6 34. Bg1 Nh5 35. Ke1 gxf3 36. gxf3 Ng3 37. Qa2 Qh3 38. Qf2 Bxc3+ 39. Rxc3 Ra8 40. Rc1 Ra2 41. Rc2 Ra1+ 42. Kd2 0-1

[Event "URU-ch (Women)"]
[Site "Montevideo"]
[Date "2014.03.29"]
[Round "4"]
[White "De Leon, Patricia O"]
[Black "Colombo, Camila"]
[Result "0-1"]
[WhiteElo "2114"]
[BlackElo "2229"]
[PlyCount "96"]
[EventDate "2014.03.27"]
[EventType "swiss"]
[EventRounds "7"]
[EventCountry "URU"]
[SourceTitle "CBM 159 Extra"]
[Source "ChessBase"]
[SourceDate "2014.04.24"]
[SourceVersion "1"]
[SourceVersionDate "2014.04.24"]
[SourceQuality "1"]

1. Nf3 g6 2. g3 Bg7 3. d4 c5 4. c4 cxd4 5. Nxd4 Qa5+ 6. Nc3 Qc5 7. e3 Nc6 8. Nb3 Qe5 9. Bg2 Nf6 10. 0-0 0-0 11. e4 Qb8 12. Bf4 d6 13. c5 Nh5 14. Be3 dxc5 15. Bxc5 b6 16. Be3 Ba6 17. Re1 Rd8 18. Qc1 Ne5 19. Rd1 e6 20. f4 Nc4 21. Bd4 e5 22. fxe5 Nxe5 23. Nd5 Rd7 24. Qc3 Qd6 25. Rac1 Rc8 26. Qe3 Rxc1 27. Rxc1 Nf6 28. Nxf6+ Bxf6 29. Bc3 Bg7 30. Bh3 Rd8 31. Bg2 h5 32. h4 Ng4 33. Qe1 Bh6 34. Rb1 Be3+ 35. Kh1 Bd3 36. Ra1 Nf2+ 37. Kh2 Ng4+ 38. Kh1 Bf2 39. e5 Qe7 40. Qd2 Bxg3 41. Qg5 Bxh4 42. Qxe7 Bxe7 43. Re1 Bh4 44. Rc1 Bg3 45. Nd2 Nxe5 46. Ne4 Bf4 47. Rd1 Ng4 48. Bf1 Bxe4+ 0-1

[Event "URU-ch (Women)"]
[Site "Montevideo"]
[Date "2014.03.27"]
[Round "1"]
[White "Colombo, Camila"]
[Black "Montenegro, Claudia"]
[Result "1-0"]
[WhiteElo "2229"]
[BlackElo "1783"]
[PlyCount "69"]
[EventDate "2014.03.27"]
[EventType "swiss"]
[EventRounds "7"]
[EventCountry "URU"]
[SourceTitle "CBM 159 Extra"]
[Source "ChessBase"]
[SourceDate "2014.04.24"]
[SourceVersion "1"]
[SourceVersionDate "2014.04.24"]
[SourceQuality "1"]

1. d4 Nf6 2. c4 g6 3. Nc3 Bg7 4. e4 d6 5. Bg5 h6 6. Be3 0-0 7. Be2 e5 8. d5 a5 9. g4 Ne8 10. Qd2 f5 11. exf5 gxf5 12. gxf5 Bxf5 13. Bxh6 Qf6 14. Bg5 Qf7 15. h4 Bh7 16. Nh3 Qf5 17. 0-0-0 Nf6 18. Bd3 e4 19. Bxf6 Qxf6 20. Bxe4 Bxe4 21. Nxe4 Qe5 22. Nhg5 Na6 23. Rhg1 Nb4 24. Nc3 a4 25. Ne6 Rf7 26. Rg5 Qf6 27. Rdg1 a3 28. Rxg7+ Rxg7 29. Rxg7+ Kh8 30. Qe2 axb2+ 31. Kb1 Qf5+ 32. Qe4 Qxe4+ 33. Nxe4 Rxa2 34. Nf6 Nd3 35. Rh7# 1-0

[Event "URU-ch sf"]
[Site "Montevideo"]
[Date "2014.03.03"]
[Round "6"]
[White "Muniz, Rafael"]
[Black "Colombo, Camila"]
[Result "0-1"]
[WhiteElo "2265"]
[BlackElo "2100"]
[PlyCount "58"]
[EventDate "2014.02.28"]
[EventType "swiss"]
[EventRounds "9"]
[EventCountry "URU"]
[SourceTitle "CBM 159 Extra"]
[Source "ChessBase"]
[SourceDate "2014.04.24"]
[SourceVersion "1"]
[SourceVersionDate "2014.04.24"]
[SourceQuality "1"]

1. e4 e6 2. d4 d5 3. Nc3 Bb4 4. e5 Qd7 5. Qg4 f5 6. Qg3 b6 7. Bd2 Nc6 8. Nf3 Bb7 9. 0-0-0 0-0-0 10. Ne2 Bxd2+ 11. Rxd2 g6 12. Nf4 Na5 13. b3 Nh6 14. Be2 Nf7 15. h4 c5 16. dxc5 bxc5 17. Ng5 Nxg5 18. hxg5 Rhe8 19. Qc3 Qc7 20. b4 Nc6 21. bxc5 Nxe5 22. c6 Nxc6 23. Bb5 Rd7 24. Nd3 d4 25. Qb3 Rd5 26. Qa4 Re7 27. f4 Qb6 28. Bxc6 Bxc6 29. Qb4 Rb5 0-1

[Event "Montevideo zt 2.5 (Women)"]
[Site "Montevideo"]
[Date "2013.04.21"]
[Round "4"]
[White "Colombo, Camila"]
[Black "Besso, Guadalupe"]
[Result "1-0"]
[WhiteElo "2073"]
[BlackElo "1737"]
[PlyCount "99"]
[EventDate "2013.04.19"]
[EventType "swiss"]
[EventRounds "9"]
[EventCountry "URU"]
[SourceTitle "EXT 2014"]
[Source "ChessBase"]
[SourceDate "2013.11.20"]
[SourceVersion "1"]
[SourceVersionDate "2013.11.20"]
[SourceQuality "1"]

1. d4 Nf6 2. c4 g6 3. Nc3 d5 4. cxd5 Nxd5 5. e4 Nxc3 6. bxc3 Bg7 7. Bc4 c5 8. Be3 Nc6 9. Ne2 0-0 10. 0-0 Qc7 11. Rc1 a6 12. dxc5 Ne5 13. Qb3 b5 14. Bd5 Rb8 15. Qa3 e6 16. Bb3 Nd3 17. Rcd1 b4 18. cxb4 Nxb4 19. Rd6 Nc6 20. Rfd1 a5 21. Ba4 Bb2 22. Qd3 Ne5 23. Qc2 Ng4 24. Bf4 e5 25. Bg5 Ba3 26. Rc6 Qa7 27. h3 Ba6 28. Rb6 Nxf2 29. Kxf2 Bxc5+ 30. Qxc5 Rxb6 31. Rd6 Rb7 32. Qxa7 Rxa7 33. Bf6 Bc4 34. Nc1 Rb7 35. Nb3 Rb4 36. Bd7 Bxb3 37. axb3 Rxb3 38. Ra6 Ra3 39. Bxe5 Rd8 40. Bf6 Rb8 41. Bc6 Ra2+ 42. Kg3 g5 43. Bd5 Ra3+ 44. Kg4 h6 45. Ra7 Rf8 46. Be7 Rc3 47. Bxf8 Kxf8 48. Rxf7+ Ke8 49. Ra7 Ra3 50. Kf5 1-0

[Event "Montevideo zt 2.5 (Women)"]
[Site "Montevideo"]
[Date "2013.04.20"]
[Round "2"]
[White "Lujan, Carolina"]
[Black "Colombo, Camila"]
[Result "1-0"]
[WhiteElo "2366"]
[BlackElo "2073"]
[PlyCount "105"]
[EventDate "2013.04.19"]
[EventType "swiss"]
[EventRounds "9"]
[EventCountry "URU"]
[SourceTitle "EXT 2014"]
[Source "ChessBase"]
[SourceDate "2013.11.20"]
[SourceVersion "1"]
[SourceVersionDate "2013.11.20"]
[SourceQuality "1"]

1. e4 e6 2. Nf3 d5 3. Nc3 d4 4. Ne2 c5 5. c3 Nf6 6. Ng3 a6 7. Bd3 Nc6 8. Qe2 h5 9. h4 Ng4 10. Bc2 Bd6 11. d3 Qb6 12. Nf1 Qc7 13. g3 Bd7 14. Bd2 0-0-0 15. Ng5 Rdf8 16. f4 e5 17. f5 g6 18. Qf3 gxf5 19. exf5 e4 20. Nxe4 Nce5 21. Qe2 Bxf5 22. 0-0-0 Bxe4 23. Qxe4 Nf2 24. Qf5+ Kb8 25. Qxf2 Ng4 26. Qf5 Re8 27. Nh2 Ne3 28. Bxe3 dxe3 29. Rde1 e2 30. Qf3 Bxg3 31. Rxe2 Bxh4 32. Re4 Bg5+ 33. Kb1 f6 34. Rxe8+ Rxe8 35. Qxh5 Re7 36. Nf3 Qg3 37. Qh2 Bf4 38. Qxg3 Bxg3 39. d4 cxd4 40. Nxd4 Re1+ 41. Rxe1 Bxe1 42. Bf5 Kc7 43. Kc2 Bg3 44. Kd3 Kd6 45. Be4 Kc7 46. Kc4 b5+ 47. Kd5 Be1 48. Kc5 Bf2 49. Bd3 Be3 50. b3 Bf2 51. a4 bxa4 52. bxa4 Kb7 53. Kd5 1-0

[Event "URU-ch sf"]
[Site "Montevideo"]
[Date "2013.02.11"]
[Round "6"]
[White "Kimelman, Gabriel"]
[Black "Colombo, Camila"]
[Result "1-0"]
[WhiteElo "1837"]
[BlackElo "2082"]
[PlyCount "117"]
[EventDate "2013.02.08"]
[EventType "swiss"]
[EventRounds "9"]
[EventCountry "URU"]
[SourceTitle "EXT 2014"]
[Source "ChessBase"]
[SourceDate "2013.11.20"]
[SourceVersion "1"]
[SourceVersionDate "2013.11.20"]
[SourceQuality "1"]

1. Nf3 Nf6 2. g3 g6 3. Bg2 Bg7 4. 0-0 c5 5. c4 0-0 6. Nc3 Nc6 7. a3 d6 8. d3 Bd7 9. Bd2 Qc8 10. Re1 h6 11. Rb1 Bh3 12. Bh1 Rb8 13. b4 Ng4 14. Nd5 g5 15. b5 e6 16. bxc6 exd5 17. cxd5 bxc6 18. Rxb8 Qxb8 19. dxc6 Qb5 20. Qb1 Qa4 21. c7 Nf6 22. Bc3 Qxa3 23. Qa1 Qxa1 24. Rxa1 Ne8 25. Bxg7 Nxg7 26. Rxa7 Rc8 27. Nd2 Ne8 28. Nc4 Be6 29. Bc6 d5 30. Bxe8 dxc4 31. Bb5 c3 32. Ra3 Rxc7 33. Rxc3 Bd5 34. Bc4 Bc6 35. f4 gxf4 36. gxf4 Ra7 37. Rc1 Bd7 38. Kf2 Kg7 39. e4 Kf6 40. Ke3 Ra3 41. Rb1 Ra7 42. Rb6+ Kg7 43. f5 Rc7 44. Kf4 Ba4 45. Ra6 Bd1 46. Ke5 Rd7 47. Rd6 Rc7 48. Kd5 Bc2 49. e5 Bd1 50. e6 fxe6+ 51. fxe6 Kf6 52. e7+ Kxe7 53. Rxh6 Rc8 54. Ke5 Rf8 55. Rh7+ Kd8 56. Kd5 Bg4 57. Kxc5 Rf5+ 58. Kb4 Rf4 59. Rh4 1-0

[Event "URU-ch sf"]
[Site "Montevideo"]
[Date "2013.02.10"]
[Round "5"]
[White "Colombo, Camila"]
[Black "Rodriguez Farias, Eduardo"]
[Result "1-0"]
[WhiteElo "2082"]
[BlackElo "1878"]
[PlyCount "73"]
[EventDate "2013.02.08"]
[EventType "swiss"]
[EventRounds "9"]
[EventCountry "URU"]
[SourceTitle "EXT 2014"]
[Source "ChessBase"]
[SourceDate "2013.11.20"]
[SourceVersion "1"]
[SourceVersionDate "2013.11.20"]
[SourceQuality "1"]

1. d4 Nf6 2. c4 e5 3. dxe5 Ng4 4. Nf3 Bc5 5. e3 Nc6 6. a3 a5 7. Be2 0-0 8. b3 Re8 9. 0-0 Ncxe5 10. Nd4 Nxh2 11. Kxh2 Qh4+ 12. Kg1 Ra6 13. f4 Rh6 14. fxe5 Qh2+ 15. Kf2 Qh4+ 16. g3 Qh2+ 17. Ke1 Qxg3+ 18. Kd2 Qxe5 19. Kc3 Be7 20. Rf5 Qg3 21. Rf3 Qe5 22. e4 Rh4 23. Rf5 Qxe4 24. Bf3 Rh3 25. Qf1 Qh4 26. Rf4 Qg3 27. Ne2 Qh2 28. Kc2 g5 29. Rxf7 Rxf3 30. Qxf3 Bf8 31. Nbc3 g4 32. Rxf8+ Rxf8 33. Qxg4+ Kf7 34. Bf4 Qf2 35. Qh5+ Ke7 36. Qe5+ Kf7 37. Rh1 1-0

[Event "URU-ch sf"]
[Site "Montevideo"]
[Date "2013.02.09"]
[Round "3"]
[White "Colombo, Camila"]
[Black "Campiglia, Guido"]
[Result "0-1"]
[WhiteElo "2082"]
[BlackElo "1871"]
[PlyCount "80"]
[EventDate "2013.02.08"]
[EventType "swiss"]
[EventRounds "9"]
[EventCountry "URU"]
[SourceTitle "EXT 2014"]
[Source "ChessBase"]
[SourceDate "2013.11.20"]
[SourceVersion "1"]
[SourceVersionDate "2013.11.20"]
[SourceQuality "1"]

1. d4 Nf6 2. c4 e6 3. Nf3 c5 4. d5 exd5 5. cxd5 d6 6. Nc3 g6 7. h3 Bg7 8. Bf4 0-0 9. e3 Na6 10. Nd2 Nc7 11. Nc4 Nfe8 12. a4 b6 13. Be2 Ba6 14. 0-0 Bxc4 15. Bxc4 a6 16. Qd3 f5 17. Bh2 Nf6 18. Rab1 Qe7 19. b4 Nd7 20. bxc5 Nxc5 21. Qc2 Rab8 22. Ba2 b5 23. axb5 Nxb5 24. Nxb5 axb5 25. Qxc5 dxc5 26. Bxb8 Qd7 27. d6+ c4 28. Bc7 Ra8 29. Bxc4+ bxc4 30. Rb4 c3 31. e4 Kf7 32. exf5 gxf5 33. Rc1 Bf6 34. Rb7 Kg6 35. Rb4 Ra4 36. Rb6 Rc4 37. Ra6 c2 38. Ra2 Qc6 39. f4 Bd4+ 40. Kh2 Be3 0-1

[Event "Pan American-ch (Women)"]
[Site "Montevideo"]
[Date "2012.11.28"]
[Round "7"]
[White "Besso, Guadalupe"]
[Black "Colombo, Camila"]
[Result "1-0"]
[WhiteElo "1744"]
[BlackElo "2090"]
[PlyCount "72"]
[EventDate "2012.11.24"]
[EventType "swiss"]
[EventRounds "9"]
[EventCountry "URU"]
[SourceTitle "CBM 151 Extra"]
[Source "ChessBase"]
[SourceDate "2012.12.18"]
[SourceVersion "1"]
[SourceVersionDate "2012.12.18"]
[SourceQuality "1"]

1. d4 Nf6 2. c4 g6 3. Nc3 Bg7 4. e4 d6 5. f4 0-0 6. Nf3 c5 7. d5 e6 8. dxe6 fxe6 9. Bd3 Nc6 10. 0-0 Nd4 11. Nxd4 cxd4 12. Nb5 Ne8 13. Qb3 Kh8 14. Bd2 b6 15. e5 dxe5 16. Be4 Rb8 17. Qh3 exf4 18. Bxg6 h6 19. Bb4 e5 20. Qh5 Rf6 21. Bxe8 Rf5 22. Qg6 Rg5 23. Nd6 Rb7 24. Nf7+ Rxf7 25. Qxf7 d3 26. Bc6 Qd4+ 27. Kh1 Bf5 28. Bc3 Qc5 29. Qe8+ Kh7 30. b4 Qxc4 31. Rac1 Bg6 32. Qd7 Qxa2 33. Bxe5 Rxe5 34. Bf3 Qd2 35. Rc7 Bf7 36. Qxf7 Rg5 1-0

[Event "Montevideo Trebejos 11"]
[Site "Montevideo"]
[Date "2012.11.05"]
[Round "7"]
[White "Colombo, Camila"]
[Black "Lopez Falcon, Jorge"]
[Result "1-0"]
[WhiteElo "2090"]
[BlackElo "2141"]
[PlyCount "77"]
[EventDate "2012.11.02"]
[EventType "tourn"]
[EventRounds "7"]
[EventCountry "URU"]
[SourceTitle "EXT 2014"]
[Source "ChessBase"]
[SourceDate "2013.11.20"]
[SourceVersion "1"]
[SourceVersionDate "2013.11.20"]
[SourceQuality "1"]

1. d4 Nf6 2. c4 g6 3. Nc3 d5 4. cxd5 Nxd5 5. e4 Nxc3 6. bxc3 Bg7 7. Bc4 0-0 8. Be3 c5 9. Ne2 cxd4 10. cxd4 Nc6 11. 0-0 Bg4 12. f3 Na5 13. Bd3 Be6 14. d5 Bxa1 15. Qxa1 f6 16. Bh6 Re8 17. Kh1 Bd7 18. Nf4 Rc8 19. e5 Nc4 20. e6 Ba4 21. Nxg6 hxg6 22. Bxg6 Ne5 23. Be4 Bc2 24. Bxc2 Rxc2 25. Qd1 Qc7 26. f4 Qc4 27. fxe5 Qe2 28. Qxe2 Rxe2 29. exf6 exf6 30. h4 Rd8 31. Rf5 Rd6 32. Rxf6 Rb6 33. Bf4 Kg7 34. Rf7+ Kg6 35. Kh2 Rbb2 36. Kh3 Rxg2 37. h5+ Kxh5 38. e7 Rge2 39. Rf6 1-0

[Event "URU-chT"]
[Site "Paysandu"]
[Date "2012.08.04"]
[Round "3.3"]
[White "Michailov, Matias"]
[Black "Colombo, Camila"]
[Result "1-0"]
[WhiteElo "2138"]
[BlackElo "2095"]
[PlyCount "117"]
[EventDate "2012.08.03"]
[EventType "team-swiss"]
[EventRounds "5"]
[EventCountry "URU"]
[SourceTitle "CBM 149 Extra"]
[Source "ChessBase"]
[SourceDate "2012.08.24"]
[SourceVersion "1"]
[SourceVersionDate "2012.08.24"]
[SourceQuality "1"]

1. d4 Nf6 2. c4 g6 3. Nc3 Bg7 4. e4 d6 5. Nf3 0-0 6. Be2 e5 7. d5 a5 8. Bg5 h6 9. Bh4 Na6 10. Nd2 Qe8 11. 0-0 Nh7 12. a3 Bd7 13. b3 h5 14. f3 f5 15. Rb1 g5 16. Bf2 f4 17. b4 axb4 18. axb4 Qg6 19. c5 g4 20. c6 bxc6 21. dxc6 Be6 22. b5 Nc5 23. Bxc5 dxc5 24. Bc4 Bxc4 25. Nxc4 gxf3 26. Rxf3 Ng5 27. b6 Nxf3+ 28. Qxf3 cxb6 29. Nd5 Kh7 30. c7 b5 31. Ncb6 Bh6 32. Nxa8 Rxa8 33. Ne7 Qe6 34. c8Q Rxc8 35. Nxc8 Qxc8 36. Rxb5 Qd7 37. Qb3 Qd4+ 38. Kf1 Qxe4 39. Qf7+ Bg7 40. Qxh5+ Bh6 41. Qe2 Qxe2+ 42. Kxe2 Bf8 43. Kd3 c4+ 44. Kxc4 e4 45. Rf5 Bh6 46. Kd4 e3 47. Kd3 Kg6 48. Rb5 Bg5 49. Ke2 Bh4 50. Kf3 Bf2 51. Re5 Bg1 52. h4 Bh2 53. h5+ Kh6 54. Kg4 Bg3 55. Re6+ Kg7 56. Kf5 Kh7 57. Kg5 Kg7 58. h6+ Kg8 59. Kg6 1-0